Derrotero de la costa de Chile
Saved in:
| Corporate Author: | |
|---|---|
| Format: | Book |
| Language: | Spanish |
| Published: |
Valparaíso
Instituto Hidrográfico de la Armada
2001
|
| Edition: | 7a. ed |
| Series: | Publicación, 3002
|
| Subjects: | |
| Tags: |
Add Tag
No Tags, Be the first to tag this record!
|
MARC
| LEADER | 00000nam a2200000 a 4500 | ||
|---|---|---|---|
| 001 | UCI1766 | ||
| 003 | CL-VaPUC | ||
| 008 | 070713e20010000CL |||||||||||||||||spa|d | ||
| 082 | 0 | 4 | |a 623.892 |b INS |2 21 |
| 110 | 2 | |a Instituto Hidrográfico de la Armada |e author |9 522418 | |
| 245 | 1 | 0 | |a Derrotero de la costa de Chile |
| 250 | |a 7a. ed | ||
| 300 | |a v | ||
| 942 | |c BK | ||
| 945 | |d 20070713 00:00:00 |a jtorresc | ||
| 260 | |a Valparaíso |b Instituto Hidrográfico de la Armada |c 2001 | ||
| 500 | |a v.2: Desde Canal Chacao hasta Golfo de Penas | ||
| 650 | 7 | |a DERROTEROS |2 CL-VaPUC |9 266453 | |
| 651 | 7 | |a CHILE |2 CL-VaPUC |9 522419 | |
| 583 | |a last modification |c 20070713 00:00:00 |k Rodrigo Vera | ||
| 490 | 0 | |a Publicación, 3002 | |
| 999 | |c 326504 |d 326502 | ||
| 952 | |0 0 |1 0 |4 0 |6 623_892000000000000_INS_2001 |7 0 |8 CCM |9 408422 |a BIBCUR |b BIBCUR |d 2019-11-22 |h v.2 |i 4344650 |l 1 |o 623.892 INS 2001 |p 4344650 |r 2025-04-22 |s 2023-08-21 |w 2019-11-22 |y BK_X |k CIM | ||